| 000 | 01372nab a2200241 i 4500 | ||
|---|---|---|---|
| 001 | 170420 | ||
| 003 | ES-MaACL | ||
| 005 | 20250823095221.0 | ||
| 008 | 090304m18861887sp g 000 0 spa d | ||
| 100 | 1 |
_aArrieta, Emilio _9234204 |
|
| 245 | 1 | 3 |
_aLa música española al comenzar el siglo XIX : _bsu desarrollo y transformaciones ; La educación musical ; Influencia del italianismo : 17ª conferencia [del ciclo "La España del siglo XIX", Ateneo Científico, Literario y Artístico de Madrid] / _corador, Emilio Arrieta. |
| 505 | 8 | _aContiene: Conferencia . Programa musical . Las quejas de Maruja: canción con acompañamiento de piano de Fernando Sors [partitura] | |
| 610 | 2 | 4 |
_aAteneo de Madrid- _vConferencias- _yS.XIX. _91910 |
| 610 | 2 | 4 |
_aAteneo de Madrid- _vObras digitalizadas. _91930 |
| 650 | 7 |
_aMúsica- _zEspaña- _yS.XIX _2 _9138414 |
|
| 700 | 1 |
_aSors, Fernando. _9227110 |
|
| 740 | 4 | 2 | _aLas quejas de Maruja. |
| 773 | 0 |
_tLa España del siglo XIX : colección de conferencias históricas celebradas durante el curso de 1885-86 [y curso de 1886-87], _dMadrid : Librería de Don Antonio San Martín, 1886-1887, _gT. 2, p. 157-185 _082158 _985194 _w82158 |
|
| 856 | 4 |
_uhttp://www.ateneodemadrid.com/biblioteca_digital/folletos/Folletos-0105.pdf _zVer documento |
|
| 942 |
_cANAM _2udc |
||
| 999 |
_c170420 _d170420 |
||